Sorularla Hindistan yabancı sermaye mevzuatı (Record no. 10380)

MARC details
000 -BAŞLIK
Sabit Uzunlukta Kontrol Alanı 00939na a2200265 4500
001 - KONTROL NUMARASI
Denetim Alanı 23812
003 - KONTROL NUMARASI IDENTIFIER
Denetim Alanı MIRAKIL
005 - SON İŞLEM TARİHİ VE ZAMANI
Denetim Alanı 20181213155318.0
008 - SABİT-BOY VERİ ELEMANLARI - GENEL BİLGİLER
Sabit Uzunlukta Kontrol Alanı 171227b tu 000 0
020 ## - ULUSLARARASI STANDART KİTAP NUMARASI
Uluslararası Standart Kitap Numarası 975512439X
040 ## - KATALOGLAMA KAYNAK
Orijinal Kataloglama Ajansı Milas
Kataloglama Dili tur
Metne Dönüştürmek Ajansı TR-AnCHP
041 ## - DİL KODU
Metin / Ses Parça Veya Ayrı Başlığın Dil Kodu tur
082 ## - DEWEY ONLU SINIFLANDIRMA NUMARASI
Sınıflandırma Numarası 346.54092026
Ürün Numarası İ77h 2000
090 ## - SINIFLAMA NUMARASI
Sınıflama Numarası 346.54092026 İ77h 2000
110 ## - ANA GİRİŞ - KURUMSAL ADI
Giriş Elemanı Olarak Kurumsal Ad Veya Yargı Alanı Adı İstanbul Ticaret Odası (İTO)
245 ## - BAŞLIK TABLOSU
Başlık Sorularla Hindistan yabancı sermaye mevzuatı
Sorumluluk Tablosu, Vb hazırlayan Mualla Bilgin
260 ## - YAYIN, DAĞITIM, VB
Yayın, Dağıtım, Vb Yeri İstanbul
Yayıncı, Dağıtıcı, Vs Adı İstanbul Ticaret Odası (İTO)
Yayın, Dağıtım, Vb Tarihi 2000
Üretici Firma Su Matbaacılık
300 ## - FİZİKSEL TANIM
Kapsam 30 s.
Diğer Fiziksel Ayrıntıları hrt. , tbl.
Boyutlar 19 sm.
440 ## - SERİSİ TABLOSU / KATMA GİRİŞİ - BAŞLIK
Başlık İstanbul Ticaret Odası
Hacim / Ardışık Tanımı yayın no: 1999-89
490 ## - SERİSİ TABLOSU
Seri Beyanı Türk girişimcileri için yurtdışı yatırımlar rehberi dizisi
Hacim / Ardışık Tanımı 25
650 ## - KONU KATMA GİRİŞ - TOPİKAL DÖNEM
Topikal Süreli Veya Coğrafi Ad Giriş Elemanı Yabancı Sermaye
Genel Alt Bölümü Hukuk ve mevzuat
Coğrafi Alt Bölümü Hindistan
650 ## - KONU KATMA GİRİŞ - TOPİKAL DÖNEM
Topikal Süreli Veya Coğrafi Ad Giriş Elemanı Yabancı Sermaye
Genel Alt Bölümü Hukuk ve mevzuat
Coğrafi Alt Bölümü Türkiye
700 ## - KATMA GİRİŞ - KİŞİSEL İSİM
Kişisel Ad Bilgin, Mualla
Relator Terim haz.
942 ## - EKLENDİ GİRİŞ ELEMANLARI (KOHA)
Sınıflandırma Veya Raf Düzeni Kaynak Dewey Decimal Classification
Koha Öğesi Türü Books
999 ## - SİSTEM KONTROL NUMARALARI (KOHA)
Koha Biblionumber 10380
Koha Biblioitemnumber 10380
Holdings
Kalıcı Konum Mevcut Konum Edinme Tarihi Edinim Kaynak Toplam Check-Out'Lar Tam Çağrı Numarası Barkod Tarih Son Görülme İtibaren Geçerli Fiyatlar Koha Öğesi Türü
CHP Kütüphanesi CHP Kütüphanesi 12/27/2017 Bağış   346.54092026 İ77h 2000 017789 12/27/2017 12/27/2017 Books